000 02119nam a2200445 c 4500
003 BLK
005 20180422095311.0
008 180413b bul|||||r ||||||| ||bul||
010 _aKNG00024208000
020 _a954-752-001-6
_bиздат.: Еър груп 2000 - на том(т. 5)
040 _aBLK
041 _aBUL
_cBUL
080 _aСамолети
_b629.735.33
_x.03(091)
_z629.735.33.03(091)
080 _aТехника на военната и военно-морската авиация. Маскировка и др
_b623.7
_x(47+57)(091)
_z623.7(47+57)(091)
100 1 _aБориславов, Иван
_eпърви автор
_9363732
700 1 _aБориславов, Иван
_eавт. на том
_9363732
700 1 _aМладенов, Александър
_eсъавт. на том
_9364670
139 _aБориславов, Иван
_bБ 65
245 1 0 _aРеактивните самолети
_bТ. 1 - За том: 1961-1999
_cИван Бориславов; авт. на том Иван Бориславов; съавт. на том Александър Младенов.
_nТ. 5
_pСамолети на СССР/Русия
257 _aBGR
260 София
_bЛитера Прима
_c1994 -
_fЗа том: София : Образование и наука
300 _c24 см
380 _a62
504 _a251
650 4 _aСамолети, реактивни - история
_9252406
650 4 _aСамолетостроене
_9170188
650 4 _aАвиационни конструкции - история
_9252408
651 4 _aСССР
_9179592
651 4 _aРусия
_9179465
653 _aреактивни самолети
653 _aсамолети
653 _aсамолетостроене
653 _aбойни самолети
760 1 _3- на том(т. 5)
_aБориславов, Иван
_dЕър груп 2000, 2000
_h256 с. : с ил., сх.
_nБиблиогр. с. 251
_tТ. 5 Самолети на СССР/Русия
852 _aЦб 181968
856 4 _qpdf
_u
856 4 _qpdf
_u
942 _cKNG
_n0
944 _aCR
_c15.01.2003
_kГеновева_Генчева
944 _aED
_c12.06.2013
_k
999 _c21890
_d21890